Macchu Picchu, Paraiso de los Botanicos : (Record no. 1730)

000 -CABECERA
fixed length control field 00898nam a22002297a 4500
003 - IDENTIFICADOR DEL NÚMERO DE CONTROL
control field AR-CdUCM
008 - DATOS DE LONGITUD FIJA--INFORMACIÓN GENERAL
fixed length control field 190227b ||||| |||| 00| 0 spa d
020 ## - NÚMERO INTERNACIONAL ESTÁNDAR DEL LIBRO
ISBN 997277807X
040 ## - FUENTE DE LA CATALOGACIÓN
Agencia/entidad que catalogó originalmente la obra MUNICIPALIDAD PROVINCIAL DEL CUSCO
Entidad que transcribió la catalogación BIBLIOTECA MUNICIPAL DEL CUSCO
082 ## - NÚMERO DE LA CLASIFICACIÓN DECIMAL DEWEY
No. de Clasificación 985.01 /
Notacion interna V28
100 ## - ENTRADA PRINCIPAL--NOMBRE DE PERSONA
Nombre Personal Vargas Carlderon ,Cesar
245 ## - MENCIÓN DE TÍTULO
Título Macchu Picchu, Paraiso de los Botanicos :
Resto del título Romance de un Colector de Plantas (Antologia) /
Mención de responsabilidad Vargas Carlderon ,Cesar
260 ## - PUBLICACIÓN, DISTRIBUCIÓN, ETC.
Lugar de publicación, distribución, etc. Cusco - Perú :
Nombre de la editorial, distribuidor, etc. Programa Macchu Picchu ,
Fecha de publicación, distribución, etc. 2001.
300 ## - DESCRIPCIÓN FÍSICA
Nº de Páginas Extensión 177 paginas :
Dimensiones 24 cm.
505 ## - NOTA DE CONTENIDO CON FORMATO
Nota de contenido formateada Macchu Picchu paraiso de los botanicos: rocance colector de plantas, antologia de cesar vargas calderon
650 ## - PUNTO DE ACCESO ADICIONAL DE MATERIA--TÉRMINO DE MATERIA
Descriptor Macchu Picchu.
9 (RLIN) 6372
650 ## - PUNTO DE ACCESO ADICIONAL DE MATERIA--TÉRMINO DE MATERIA
Descriptor Herbolaria.
9 (RLIN) 6373
650 ## - PUNTO DE ACCESO ADICIONAL DE MATERIA--TÉRMINO DE MATERIA
Descriptor Valle Sagrado de los Incas.
9 (RLIN) 6374
700 ## - PUNTO DE ACCESO ADICIONAL--NOMBRE DE PERSONA
Nombre Personal Vargas Carlderon ,Cesar
9 (RLIN) 6371
942 ## - ELEMENTOS DE PUNTO DE ACCESO ADICIONAL (KOHA)
Fuente de clasificación
Tipo de item Libros-BMC
945 ## - PROCESAMIENTO DE INFORMACIÓN LOCAL (OCLC)
Catalogador rtm
AAAA-MM-DD - Fecha de ingreso o modificacion 2019-02-27
Holdings
Estado de retiro (separado) Fuente de clasificación o esquema de estanterías Estado dañado Ubicación Sala donde se ubica Nombre de la colección Fecha de adquisición o compra Costo, precio normal en soles Signatura topográfica Código de Barras Última vez visto (Koha) Tipo de ítem (Koha)
No     Sala Humanidades Sala Humanidades Book Cart 2019-02-27 50.00 985.01 / V28 SH0000001844 2019-02-27 Libros-BMC
No     Sala Humanidades Sala Humanidades Book Cart 2019-03-05 50.00 985.01 / V28 /E.2 SH0000003427 2019-03-05 Libros-BMC

Powered by Koha